Biểu hiện nội tâm nhân vật trong các tiểu thuyết tiêu biểu của Nhất Linh: Đoạn tuyệt - Đôi bạn - Bướm trắng Luận văn tốt nghiệp Đại học Sư phạm văm Khóa 20
Đã lưu trong:
| Tác giả chính: | |
|---|---|
| Định dạng: | Sách |
| Ngôn ngữ: | Undetermined |
| Được phát hành: |
Cần Thơ
Trường Đại học Cần Thơ, Khoa Sư phạm, Bộ môn Ngữ văn
1998
|
| Những chủ đề: | |
| Các nhãn: |
Thêm thẻ
Không có thẻ, Là người đầu tiên thẻ bản ghi này!
|
| Thư viện lưu trữ: | Trung tâm Học liệu Trường Đại học Cần Thơ |
|---|
| LEADER | 00829nam a2200193Ia 4500 | ||
|---|---|---|---|
| 001 | CTU_23084 | ||
| 008 | 210402s9999 xx 000 0 und d | ||
| 082 | |a 808.3 | ||
| 082 | |b B312/1998 | ||
| 100 | |a Dương Thanh Bình | ||
| 245 | 0 | |a Biểu hiện nội tâm nhân vật trong các tiểu thuyết tiêu biểu của Nhất Linh: Đoạn tuyệt - Đôi bạn - Bướm trắng | |
| 245 | 0 | |b Luận văn tốt nghiệp Đại học Sư phạm văm Khóa 20 | |
| 245 | 0 | |c Dương Thanh Bình | |
| 260 | |a Cần Thơ | ||
| 260 | |b Trường Đại học Cần Thơ, Khoa Sư phạm, Bộ môn Ngữ văn | ||
| 260 | |c 1998 | ||
| 650 | |a fictions, theory of | ||
| 904 | |i Nguyễn Quang Điền, 980725 | ||
| 980 | |a Trung tâm Học liệu Trường Đại học Cần Thơ | ||